000 00258nam a22001217a 4500
082 _a823
_bSHA/W
100 _aWILLIAM SHAKESPEARE
245 _aJULIUS CAESAR
260 _aTHRISSUR
_bH&C
300 _a65
650 _aENGLISH SHORT STORY
_zKERALA
942 _cBK
999 _c3607
_d3607